000 00369nam a2200133Ia 4500
008 231129s9999||||xx |||||||||||||| ||spa||
020 _a978-84-322-1282-6
040 _bspa
082 _aA863 S119รณ
100 _aSaccomanno Guillermo
245 0 _aEl oficinista
264 _aArgentina Buenos Aires: Seix Barral
942 _2ddc
_cBKS
999 _c11903
_d11903